[Event "Olympiad Women-45"]
[Site "Budapest"]
[Date "2024.09.14"]
[Round "4.38"]
[White "Khantree, Napat"]
[Black "Lyon, Hannah Jane"]
[Result "0-1"]
[WhiteElo "1711"]
[BlackElo "1797"]
[PlyCount "68"]
[EventDate "2024.09.11"]
[EventType "team-swiss"]
[EventRounds "11"]
[EventCountry "HUN"]
[SourceTitle "EXT 2025"]
[Source "ChessBase"]
[SourceDate "2024.10.14"]
[SourceVersion "1"]
[SourceVersionDate "2024.10.14"]
[SourceQuality "1"]
[WhiteTeam "Thailand (W)"]
[BlackTeam "Luxembourg (W)"]
[WhiteTeamCountry "THA"]
[BlackTeamCountry "LUX"]

1. d4 Nf6 2. c4 g6 3. Nc3 d5 4. cxd5 Nxd5 5. e4 Nxc3 6. bxc3 Bg7 7. Bc4 c5 8. Ne2 Nc6 9. Be3 0-0 10. 0-0 Qc7 11. Rc1 Rd8 12. a3 e6 13. Qd2 Qa5 14. Qb2 b6 15. Bb5 Bb7 16. Bd2 Nb4 17. a4 Nc6 18. Nf4 a6 19. d5 axb5 20. axb5 Na7 21. dxe6 Qxb5 22. exf7+ Kxf7 23. Qa2+ c4 24. Rb1 Qc6 25. Nd5 Nb5 26. Qb2 Ra5 27. Bg5 Re8 28. Qe2 Kg8 29. Rfd1 Nxc3 30. Nxc3 Bxc3 31. Qe3 Qxe4 32. Qg3 Be5 33. Qh3 Bxh2+ 34. Qxh2 Rxg5 0-1

[Event "Olympiad Women-45"]
[Site "Budapest"]
[Date "2024.09.11"]
[Round "1.19"]
[White "Eric, Jovana"]
[Black "Khantree, Napat"]
[Result "1-0"]
[WhiteElo "2162"]
[BlackElo "1711"]
[PlyCount "52"]
[EventDate "2024.09.11"]
[EventType "team-swiss"]
[EventRounds "11"]
[EventCountry "HUN"]
[SourceTitle "EXT 2025"]
[Source "ChessBase"]
[SourceDate "2024.10.14"]
[SourceVersion "1"]
[SourceVersionDate "2024.10.14"]
[SourceQuality "1"]
[WhiteTeam "Serbia (W)"]
[BlackTeam "Thailand (W)"]
[WhiteTeamCountry "SRB"]
[BlackTeamCountry "THA"]

1. e4 e5 2. Nf3 Nc6 3. Bc4 Bc5 4. d3 Nf6 5. Nc3 d6 6. Bg5 h6 7. Bxf6 Qxf6 8. Nd5 Qd8 9. c3 a6 10. a4 a5 11. 0-0 Bd7 12. d4 exd4 13. cxd4 Ba7 14. h3 0-0 15. Re1 Be6 16. Rc1 Rc8 17. Qd2 Kh8 18. b3 f5 19. Nf4 Bf7 20. exf5 Qf6 21. Be6 Rb8 22. Nd5 Qd8 23. f6 Bxe6 24. fxg7+ Kxg7 25. Rxe6 Rh8 26. Qd3 Rh7 1-0

[Event "Bangkok Olympiad 45th Qual (Women)"]
[Site "Bangkok"]
[Date "2024.05.05"]
[Round "6"]
[White "Khantree, Napat"]
[Black "Prommuang, Araya"]
[Result "1/2-1/2"]
[WhiteElo "1638"]
[BlackElo "1779"]
[PlyCount "104"]
[EventDate "2024.05.02"]
[EventType "tourn"]
[EventRounds "9"]
[EventCountry "THA"]
[SourceTitle "CBM 220 Extra"]
[Source "ChessBase"]
[SourceDate "2024.07.31"]
[SourceVersion "1"]
[SourceVersionDate "2024.07.31"]
[SourceQuality "1"]

1. d4 d5 2. c4 e6 3. Nf3 c6 4. b3 Bd6 5. g3 f5 6. e3 Nf6 7. Bg2 0-0 8. 0-0 Nbd7 9. Bb2 h6 10. Nbd2 Ne4 11. Nxe4 fxe4 12. Nh4 Qe8 13. Bh3 g5 14. Ng2 h5 15. Ne1 g4 16. Bg2 Qg6 17. Bh1 Nf6 18. Ng2 Nh7 19. Nf4 Bxf4 20. exf4 h4 21. Ba3 Rf7 22. Qc2 Nf6 23. Bd6 Rh7 24. Rfe1 Bd7 25. Bg2 Kf7 26. Bf1 Rah8 27. Re2 Rh6 28. Be5 R8h7 29. Bd6 Ne8 30. Be5 Ng7 31. Bxg7 Qxg7 32. Rd1 Qf6 33. Rdd2 a6 34. Qc3 Qd8 35. Qb4 Qc7 36. Rc2 b6 37. Red2 a5 38. Qa3 Rh8 39. c5 b5 40. Qc1 Qd8 41. Qd1 Qg8 42. Qe1 Qg7 43. Qe3 b4 44. a3 hxg3 45. fxg3 Ra8 46. a4 Ke7 47. Rf2 Qg6 48. Qe1 Qf5 49. Qe3 Qg6 50. Qe1 Qf5 51. Qe3 Qg6 52. Qe1 Qf5 1/2-1/2

[Event "Bangkok Olympiad 45th Qual (Women)"]
[Site "Bangkok"]
[Date "2024.05.05"]
[Round "7"]
[White "Tawankanjana, Sasinat"]
[Black "Khantree, Napat"]
[Result "1/2-1/2"]
[WhiteElo "1617"]
[BlackElo "1638"]
[PlyCount "62"]
[EventDate "2024.05.02"]
[EventType "tourn"]
[EventRounds "9"]
[EventCountry "THA"]
[SourceTitle "CBM 220 Extra"]
[Source "ChessBase"]
[SourceDate "2024.07.31"]
[SourceVersion "1"]
[SourceVersionDate "2024.07.31"]
[SourceQuality "1"]

1. e4 e5 2. Nf3 Nc6 3. d4 exd4 4. Nxd4 Nf6 5. Nc3 Bb4 6. Nxc6 bxc6 7. Bd3 d5 8. exd5 0-0 9. 0-0 cxd5 10. h3 h6 11. Na4 Bb7 12. a3 Bd6 13. b4 Nd7 14. Be3 Ne5 15. Nc5 Bc8 16. Be2 Ng6 17. Bf3 c6 18. c4 dxc4 19. Bxc6 Rb8 20. Ne4 Be5 21. Rc1 Bb2 22. Rxc4 Bxa3 23. Bc5 Qxd1 24. Rxd1 Be6 25. Rcd4 Rfc8 26. Ba4 Bb2 27. R4d2 Ba3 28. Rd4 Bb2 29. R4d2 Ba3 30. Rd4 Bb2 31. R4d2 Ba3 1/2-1/2

[Event "THA-ch (Women)"]
[Site "Bangkok"]
[Date "2024.04.18"]
[Round "3"]
[White "Rojjanaburanon, Jomkwan"]
[Black "Khantree, Napat"]
[Result "0-1"]
[WhiteElo "1433"]
[BlackElo "1626"]
[PlyCount "126"]
[EventDate "2024.04.17"]
[EventType "swiss"]
[EventRounds "9"]
[EventCountry "THA"]
[SourceTitle "CBM 220 Extra"]
[Source "ChessBase"]
[SourceDate "2024.07.31"]
[SourceVersion "1"]
[SourceVersionDate "2024.07.31"]
[SourceQuality "1"]

1. e4 e5 2. Nf3 Nc6 3. Bb5 Bc5 4. d3 d6 5. c3 Bd7 6. Be3 Bb6 7. Bxb6 axb6 8. Nbd2 Nf6 9. h3 h6 10. Ba4 0-0 11. 0-0 Re8 12. Re1 Nh5 13. Kh2 Nf4 14. Bc2 Qc8 15. Ng1 Be6 16. Bb3 Nxd3 17. Bxe6 Qxe6 18. Re3 Nxb2 19. Qf3 Rxa2 20. Rae1 Nc4 21. Nxc4 Qxc4 22. Qf5 Qe6 23. Qf3 Qg6 24. Qd1 Rxf2 25. Rg3 Qf6 26. Nf3 Ra8 27. Rf1 Rxf1 28. Qxf1 Qf4 29. Qe1 b5 30. Kg1 Ra4 31. Rg4 Qf6 32. Qc1 Qe6 33. Qb1 b4 34. cxb4 Nxb4 35. Nh4 h5 36. Rg3 Qa2 37. Qf1 Qa1 38. Nf5 Qxf1+ 39. Kxf1 Ra1+ 40. Kf2 Ra2+ 41. Kf1 g6 42. Ne7+ Kf8 43. Nd5 Nxd5 44. exd5 Rd2 45. Rc3 Rxd5 46. Rxc7 b5 47. Rc8+ Ke7 48. Rc7+ Ke6 49. Rb7 Rc5 50. Ke2 d5 51. Ke3 d4+ 52. Ke4 f5+ 53. Kd3 Kf6 54. Rb6+ Kg5 55. h4+ Kxh4 56. Rxg6 b4 57. g3+ Kh3 58. Rg5 b3 59. Rxh5+ Kxg3 60. Rh1 Rc3+ 61. Kd2 e4 62. Rg1+ Kf2 63. Re1 Rd3+ 0-1

[Event "Thailand Team op"]
[Site "Bangkok"]
[Date "2022.12.06"]
[Round "8.4"]
[White "Khantree, Napat"]
[Black "Inthasoi, Thip Aksorn"]
[Result "0-1"]
[WhiteElo "1386"]
[BlackElo "1240"]
[PlyCount "78"]
[EventDate "2022.12.03"]
[EventType "team-swiss"]
[EventRounds "9"]
[EventCountry "THA"]
[SourceTitle "CBM 211 Extra"]
[Source "ChessBase"]
[SourceDate "2023.01.31"]
[SourceVersion "1"]
[SourceVersionDate "2023.01.31"]
[SourceQuality "1"]
[WhiteTeam "East Bangapi"]
[BlackTeam "Chula Baka Bobo"]
[WhiteTeamCountry "THA"]
[BlackTeamCountry "THA"]

1. d4 Nf6 2. c4 g6 3. Nc3 Bg7 4. e4 d6 5. Nf3 0-0 6. Be3 e5 7. dxe5 dxe5 8. Qxd8 Rxd8 9. Bg5 Nc6 10. Nd5 Rd6 11. c5 Rxd5 12. exd5 Nxd5 13. Rd1 Ndb4 14. Bd3 Nxd3+ 15. Rxd3 e4 16. Re3 f6 17. Bf4 exf3 18. Rxf3 Bg4 19. Re3 Ne5 20. 0-0 Rd8 21. Ra3 Be2 22. Rb1 a6 23. Rb3 Bb5 24. h3 Rd5 25. Rc3 f5 26. Bxe5 Bxe5 27. Re3 Rxc5 28. b3 Bd6 29. Ree1 Bf4 30. Rbd1 Rc2 31. a4 Bc6 32. Re7 Bd6 33. Re3 Kf7 34. Red3 Rc5 35. Rd4 b5 36. axb5 Bxb5 37. Rh4 Kg7 38. g3 Rc2 39. b4 Rb2 0-1

[Event "Olympiad Women-44"]
[Site "Chennai"]
[Date "2022.08.08"]
[Round "10.3"]
[White "Khalil, Manar"]
[Black "Khantree, Napat"]
[Result "1-0"]
[WhiteElo "1831"]
[BlackElo "1362"]
[PlyCount "67"]
[EventDate "2022.07.29"]
[EventType "team-swiss"]
[EventRounds "11"]
[EventCountry "IND"]
[SourceTitle "CBM 210"]
[Source "ChessBase"]
[SourceDate "2022.10.31"]
[SourceVersion "1"]
[SourceVersionDate "2022.10.31"]
[SourceQuality "1"]
[WhiteTeam "Syria (W)"]
[BlackTeam "Thailand (W)"]
[WhiteTeamCountry "SYR"]
[BlackTeamCountry "THA"]

1. e4 e5 2. Nf3 Nc6 3. d4 exd4 4. Nxd4 Bc5 5. Be3 Qf6 6. c3 Nge7 7. Bc4 d6 8. 0-0 Bb6 9. Kh1 Ne5 10. Be2 Qh4 11. f4 Ng4 12. Bg1 d5 13. exd5 Nxd5 14. Bxg4 Bxg4 15. Re1+ Ne7 16. Qd2 0-0 17. a4 Rad8 18. Bf2 Qf6 19. a5 Bc5 20. Qc2 Nf5 21. Nxf5 Bxf5 22. Qe2 Bd3 23. Qf3 Bxf2 24. Qxf2 Rfe8 25. Nd2 a6 26. Re3 Rxe3 27. Qxe3 h6 28. h3 Qc6 29. Re1 Bf5 30. Nf3 Qb5 31. Qe7 Rd7 32. Qe8+ Kh7 33. Nd4 Qxa5 34. Re5 1-0

[Event "SEA Blitz (Women) 31st"]
[Site "Ha Long"]
[Date "2022.05.20"]
[Round "3.3"]
[White "Khantree, Napat"]
[Black "Bootsumran, Sirin"]
[Result "0-1"]
[WhiteElo "1290"]
[BlackElo "1386"]
[PlyCount "90"]
[EventDate "2022.05.20"]
[EventType "swiss (blitz)"]
[EventRounds "5"]
[EventCountry "VIE"]
[SourceTitle "CBM 208 Extra"]
[Source "ChessBase"]
[SourceDate "2022.07.31"]
[SourceVersion "1"]
[SourceVersionDate "2022.07.31"]
[SourceQuality "1"]

1. Nf3 c5 2. g3 Nc6 3. Bg2 g6 4. c3 Bg7 5. d4 cxd4 6. cxd4 d5 7. Nc3 e6 8. 0-0 Nge7 9. e3 0-0 10. Bd2 b6 11. Rc1 Ba6 12. Re1 Nb4 13. Bf1 Bxf1 14. Rxf1 Rc8 15. Qb3 Nbc6 16. Rc2 Qd7 17. Rfc1 Na5 18. Qa3 Nc4 19. Qb3 Nc6 20. a3 e5 21. dxe5 Bxe5 22. Nxe5 N6xe5 23. Kg2 Qg4 24. Be1 Qf3+ 25. Kg1 Nd3 26. Rd1 Nc5 27. Qb4 a5 28. Qb5 Nd6 29. Qf1 Nde4 30. Nxd5 Qxd1 31. Re2 Qxd5 32. f3 Nf6 33. e4 Qd4+ 34. Kh1 Qd7 35. Bc3 Qc6 36. e5 Nd5 37. Bd4 Nb3 38. Bf2 Rfd8 39. Re4 Qb7 40. Be1 Rc1 41. Qg2 Rdc8 42. Qf2 R8c2 43. Qf1 Qc7 44. f4 Qc5 45. h3 Nd2 0-1

[Event "Bangkok Thailand op"]
[Site "Bangkok"]
[Date "2021.12.16"]
[Round "2"]
[White "Buranasing, Wanawee"]
[Black "Khantree, Napat"]
[Result "1-0"]
[WhiteElo "1571"]
[BlackElo "1273"]
[PlyCount "39"]
[EventDate "2021.12.15"]
[EventType "swiss"]
[EventRounds "9"]
[EventCountry "THA"]
[SourceTitle "CBM 206 Extra"]
[Source "ChessBase"]
[SourceDate "2022.03.31"]
[SourceVersion "1"]
[SourceVersionDate "2022.03.31"]
[SourceQuality "1"]

1. c4 c5 2. Nc3 Nf6 3. Nf3 e6 4. e4 d5 5. cxd5 exd5 6. exd5 Nxd5 7. Qa4+ Nc6 8. Qe4+ Be6 9. Bc4 Ncb4 10. Nxd5 Nxd5 11. Bb5+ Ke7 12. Ng5 Qb6 13. Bc4 Rd8 14. 0-0 Nf6 15. Qe2 Nd5 16. Re1 Nf4 17. Qf3 Rd4 18. d3 h6 19. Nxf7 Kxf7 20. Bxf4 1-0

[Event "THA-ch (Women)"]
[Site "Bangkok"]
[Date "2021.11.09"]
[Round "9"]
[White "Khantree, Napat"]
[Black "Phitchayarom, Ruja"]
[Result "1-0"]
[WhiteElo "1201"]
[BlackElo "1489"]
[PlyCount "79"]
[EventDate "2021.11.05"]
[EventType "swiss"]
[EventRounds "9"]
[EventCountry "THA"]
[SourceTitle "CBM 205 Extra"]
[Source "ChessBase"]
[SourceDate "2022.01.31"]
[SourceVersion "1"]
[SourceVersionDate "2022.01.31"]
[SourceQuality "1"]

1. d4 g6 2. c4 Bg7 3. Nc3 Nf6 4. e4 d6 5. f3 0-0 6. Be3 Nbd7 7. Bd3 e5 8. Nge2 Re8 9. d5 a5 10. a4 Rf8 11. h4 h5 12. Bg5 Qe8 13. Nb5 Qd8 14. Nc1 Nc5 15. Qd2 Qd7 16. Nc3 Kh7 17. Bc2 Ng8 18. Nd3 Na6 19. Nf2 Qe8 20. Nb5 b6 21. Nd3 Bd7 22. 0-0 Bh6 23. Bxh6 Nxh6 24. b4 axb4 25. Nxb4 Bxb5 26. cxb5 Nc5 27. Nc6 f5 28. a5 bxa5 29. Rxa5 Rxa5 30. Qxa5 Qd7 31. b6 cxb6 32. Qxb6 fxe4 33. Ra1 Qf5 34. Qc7+ Nf7 35. fxe4 Nxe4 36. Rf1 Qg4 37. Rxf7+ Rxf7 38. Qxf7+ Kh6 39. Ne7 Qxh4 40. Qxg6# 1-0

[Event "THA-ch (Women)"]
[Site "Bangkok"]
[Date "2021.11.08"]
[Round "7"]
[White "Khantree, Napat"]
[Black "Chuersakul, Sarocha"]
[Result "0-1"]
[WhiteElo "1201"]
[BlackElo "1686"]
[PlyCount "70"]
[EventDate "2021.11.05"]
[EventType "swiss"]
[EventRounds "9"]
[EventCountry "THA"]
[SourceTitle "CBM 205 Extra"]
[Source "ChessBase"]
[SourceDate "2022.01.31"]
[SourceVersion "1"]
[SourceVersionDate "2022.01.31"]
[SourceQuality "1"]

1. d4 Nf6 2. c4 e6 3. Nc3 Bb4 4. Bg5 c5 5. d5 Bxc3+ 6. bxc3 0-0 7. Nf3 d6 8. Qc2 e5 9. e4 h6 10. Bh4 Nbd7 11. Bd3 Qc7 12. 0-0 Nh5 13. a4 g5 14. Bg3 Nf4 15. Bxf4 exf4 16. h3 f6 17. Rfb1 Rf7 18. Be2 Rg7 19. Kh1 Nf8 20. Nh2 Ng6 21. Bg4 Ne5 22. Qe2 Kh7 23. Re1 Bd7 24. Bf5+ Bxf5 25. exf5 Qd7 26. Qe4 h5 27. Nf3 Re8 28. h4 g4 29. Ng5+ fxg5 30. f6+ Rg6 31. hxg5 f3 32. gxf3 gxf3 33. Qh4 Qg4 34. Qxg4 hxg4 35. Rab1 Rb8 0-1

[Event "THA-ch (Women)"]
[Site "Bangkok"]
[Date "2021.11.05"]
[Round "2"]
[White "Khantree, Napat"]
[Black "Atikankhotchasee, Manunthon"]
[Result "0-1"]
[WhiteElo "1201"]
[BlackElo "1548"]
[PlyCount "80"]
[EventDate "2021.11.05"]
[EventType "swiss"]
[EventRounds "9"]
[EventCountry "THA"]
[SourceTitle "CBM 205 Extra"]
[Source "ChessBase"]
[SourceDate "2022.01.31"]
[SourceVersion "1"]
[SourceVersionDate "2022.01.31"]
[SourceQuality "1"]

1. d4 Nf6 2. c4 g6 3. Nc3 Bg7 4. e4 d6 5. f3 Nbd7 6. Be3 c6 7. h4 Qb6 8. Qd2 Qb4 9. Bd3 h5 10. Nge2 a6 11. a3 Qa5 12. Bf2 b5 13. b4 Qd8 14. c5 d5 15. a4 dxe4 16. Nxe4 Bb7 17. N2c3 Nxe4 18. Nxe4 Nf6 19. Nxf6+ Bxf6 20. Be4 Qd7 21. 0-0 Rd8 22. axb5 axb5 23. Ra7 0-0 24. Kh1 Ra8 25. Rfa1 Rxa7 26. Rxa7 e5 27. Qa2 Kg7 28. dxe5 Bxe5 29. Qe2 Re8 30. Qe1 Kg8 31. Qb1 Bb8 32. Ra3 f5 33. Bc2 Qd2 34. Ra2 Qf4 35. Qb3+ Kg7 36. g3 Qc1+ 37. Kg2 Re2 38. Qd3 Qe1 39. Bb3 Qxf2+ 40. Kh1 Qg2# 0-1

[Event "Eastern Asia-ch U12 Girls 4th"]
[Site "Bangkok"]
[Date "2019.08.04"]
[Round "4.2"]
[White "Prommuang, Araya"]
[Black "Khantree, Napat"]
[Result "1/2-1/2"]
[WhiteElo "1470"]
[BlackElo "1085"]
[PlyCount "115"]
[EventDate "2019.08.02"]
[EventType "swiss"]
[EventRounds "9"]
[EventCountry "THA"]
[SourceTitle "EXT 2024"]
[Source "ChessBase"]
[SourceDate "2023.10.10"]
[SourceVersion "1"]
[SourceVersionDate "2023.10.10"]
[SourceQuality "1"]

1. d4 d5 2. c4 e6 3. Nc3 h6 4. Nf3 Nf6 5. cxd5 exd5 6. e3 Be6 7. Bd2 Bd6 8. Be2 Nbd7 9. Rc1 c6 10. a3 Nb6 11. Qb3 Qd7 12. Nb5 Bb8 13. Nc3 0-0 14. 0-0 Bd6 15. Qd1 Rac8 16. Re1 Rfd8 17. Na4 Nxa4 18. Qxa4 Ra8 19. Ba5 Re8 20. Bb4 Bxb4 21. Qxb4 Ne4 22. Nd2 a5 23. Qa4 Nxd2 24. f3 b5 25. Qd1 Nc4 26. Bxc4 bxc4 27. Qd2 Bf5 28. Qc3 Qd6 29. Kh1 Bg6 30. g3 Qf6 31. Kg2 Qd6 32. Kh1 Qb8 33. Qd2 Qb3 34. Rc3 Qb6 35. Re2 Re6 36. Kg2 Rae8 37. g4 Bd3 38. Re1 Rb8 39. b3 Bh7 40. bxc4 dxc4 41. Rxc4 Qb2 42. Qxb2 Rxb2+ 43. Kg1 Bd3 44. Rc5 Bb5 45. a4 Bxa4 46. Rxa5 Bb5 47. Ra8+ Kh7 48. Ra7 f6 49. h4 Rb3 50. Kf2 Rc3 51. f4 c5 52. dxc5 Rxc5 53. Ra3 Rd5 54. e4 Rd3 55. Rxd3 Bxd3 56. Kf3 g5 57. hxg5 hxg5 58. e5 1/2-1/2